| 000 | 02039cam a22003734a 4500 | ||
|---|---|---|---|
| 001 | 6154489 | ||
| 003 | ARRUPE | ||
| 005 | 20150521131501.0 | ||
| 008 | 061207s2007 nyuaf b 001 0beng | ||
| 010 | _a 2006051264 | ||
| 020 | _a9780743264730 | ||
| 020 | _a0743264738 | ||
| 035 | _a(OCoLC)ocm76961150 | ||
| 035 | _a(NNC)6154489 | ||
| 040 |
_aDLC _cDLC _dBAKER _dBTCTA _dGK8 _dNSB _dYDXCP _dC#P _dOrLoB-B |
||
| 050 | 0 | 0 |
_aQC16.E5 _bI76 2007 |
| 082 | 0 | 0 |
_a530.092 _aB _222 |
| 100 | 1 |
_aIsaacson, Walter. _917232 |
|
| 245 | 1 | 0 |
_aEinstein : _bhis life and universe / _cWalter Isaacson. |
| 260 |
_aNew York : _bSimon & Schuster, _cc2007. |
||
| 300 |
_axxii, 675, [16] p. of plates : _bill. ; _c25 cm. |
||
| 504 | _aIncludes bibliographical references (p. 553-564) and index. | ||
| 520 | 1 | _a"How did his mind work? What made him a genius? Walter Isaacson's biography shows how his scientific imagination sprang from the rebellious nature of his personality. His story is a testament to the connection between creativity and freedom." "Based on newly released personal letters of Einstein, this book explores how an imaginative, impertinent patent clerk - a struggling father in a difficult marriage who couldn't get a teaching job or a doctorate - became the mind reader of the creator of the cosmos, the locksmith of the mysteries of the atom and the universe. His success came from questioning conventional wisdom and marveling at mysteries that struck others as mundane. This led him to embrace a morality and politics based on respect for free minds, free spirits, and free individuals."--BOOK JACKET. | |
| 600 | 1 | 0 |
_aEinstein, Albert, _d1879-1955. _914165 |
| 600 | 1 | 0 |
_aEinstein, Albert, _d1879-1955 _xFriends and associates. _917233 |
| 650 | 0 |
_aPhysicists _vBiography. _917126 |
|
| 650 | 0 |
_aRelativity (Physics) _910646 |
|
| 650 | 0 |
_aUnified field theories. _913717 |
|
| 900 | _bTOC | ||
| 942 |
_2lcc _cMONOGRAPH |
||
| 948 | 1 |
_a20070425 _bc _crad1 _dMPS |
|
| 948 | 2 |
_a20070530 _ba _crad1 _dMPS |
|
| 948 | 2 |
_a20071212 _ba _crad1 _dMPS |
|
| 999 |
_c122683 _d122683 |
||